Maat Kuvittain #4 - Statistics

Yleistilastot
  • Tätä visaa on pelattu 58 kertaa
  • Keskiarvotulos 6 / 15
Vastaustilastot
Kuvavisa Vastaus % Oikein
Italia
95%
Kreikka
95%
Pohjois-Korea
77%
Nepal
67%
Kiina
54%
Marokko
44%
Portugali
31%
Sudan
31%
Belgia
28%
Myanmar
26%
Meksiko
23%
Pakistan
23%
Monaco
18%
Mali
8%
Sri Lanka
8%
Ehtoja vastaavia visoja ei löytynyt
Tulosjakauma
Jokaisen tuloksen saaneiden osuus
Persentiili vastausten määrän mukaan
Tuloshistoriasi
Et ole pelannut tätä visaa